| 000 | 00383nam a2200157Ia 4500 | ||
|---|---|---|---|
| 008 | 221030s9999 xx 000 0 und d | ||
| 020 | _a0070530769 | ||
| 041 | _aEnglish | ||
| 082 |
_a105.23 _bMor |
||
| 100 | _aN. Morisseau - Leroy | ||
| 245 | 0 | _aOracle 9i AS Building J2EE TM Applications | |
| 260 |
_bTMH _aNew Delhi _c2003 |
||
| 300 | _a586 | ||
| 650 | _aComputers | ||
| 942 | _cBK | ||
| 999 |
_c1844 _d1844 |
||